| 000 | 00558nam a2200205Ia 4500 | ||
|---|---|---|---|
| 005 | 20240823053735.0 | ||
| 008 | 240823s9999||||xx |||||||||||||| ||und|| | ||
| 020 | _a81-7520-132-0 | ||
| 041 | _aENGLISH | ||
| 082 | _A013.3790954 Q6 | ||
| 100 | _aYoud Vir Singh | ||
| 245 | 0 | _aBibliography of Doctoral Dissertation Science & Technology 2010 | |
| 250 | _a1st | ||
| 260 |
_c2016 _bAssociation of Indian Univers |
||
| 500 | _aYES | ||
| 650 |
_aDoctoral Dissertation _bManagement Studies |
||
| 700 | _a Rama Devi Pani S | ||
| 942 | _cBK | ||
| 999 |
_c224846 _d224846 |
||